Score 0/20 Timer 02:00
1 Play Today
Movie Title Missing Word % Correct
____ to the FutureBack
97.5%
The Karate ____Kid
96.9%
____ Hills CopBeverly
96.4%
Star Wars Episode V: The Empire ____ Back Strikes
95.3%
Honey, I ____ the KidsShrunk
94.4%
A ____ on Elm Street Nightmare
93.8%
____ Bueller's Day OffFerris
90.4%
E.T. the Extra-____Terrestrial
90%
____ of the Lost ArkRaiders
89%
The Color ____Purple
88.3%
Movie Title Missing Word % Correct
____, Trains and Automobiles Planes
87.8%
Dead ____ SocietyPoets
86.4%
The ____ ClubBreakfast
76.7%
The ____ BridePrincess
70.1%
Bill & Ted's ____ Adventure Excellent
69.6%
The ____ BrothersBlues
67.8%
Rambo: First ____Blood
66.3%
The Little ____Mermaid
51.4%
Jaws: The ____Revenge
44.2%
____ of the Pink PantherCurse
15.3%

Today's Daily Dose

Remove Ads.
Support Sporcle.
Get the best of Sporcle when you Go Orange. This ad-free experience offers more features, more stats, and more fun while also helping to support Sporcle. Thank you for becoming a member.

You're not logged in!

Compare scores with friends on all Sporcle quizzes.
OR
Log In

Show Comments

Extras

Top Quizzes Today


Score Distribution

Your Account Isn't Verified!

In order to create a playlist on Sporcle, you need to verify the email address you used during registration. Go to your Sporcle Settings to finish the process.

Report this User

Report this user for behavior that violates our Community Guidelines.

Details: